00893 a2200169 4500003000500000005001700005040000900022082001400031100002900045245004800074260003400122300001700156505038500173942002300558999001900581952012300600NUST20221205141438.0 cNust a070.4,BUL aBull, Albert E. 9104142 aAuthorship and Journalism /cAlbert E. Bull alondonbPitman and sonsc1924 avii,23 ,p .: aProfessional Authorship and Journalism (Page-1), Sentence Making (Page-10), Stating Incidents and Stating Arguments (Page-18), The Formation of style (Page- 37), The Waiter Book Shelf (Page-45), Article and Leader Writing (Page-65), Interviewing (Page-79), How to get on the Staff (Page-86), Serial Stories (Page-113), The Novel (Page-125), The Author Business Methods (Page-153). 2ddccBKk070.4,BUL c193654d193654 00102ddc4070aMCSbMCScGENd2016-12-12o070.4,BULpMCS29077r2016-12-08w2016-12-12yBKzAlmirah No.46, Shelf No.1